Регионална библиотека "Любен Каравелов" - Русе

Трябва да те бива, за да ти върви (Запис номер 88810)

MARC детайли
000 -Лидер
Контролно поле с фиксирана дължина 01790nam a2200373 c 4500
003 - Код на организацията, давaща контролен номер
Контролно поле BLK
005 - Дата и час на последна редакция
Контролно поле 20230330024427.0
008 - Елементи от данни с фиксирана дължина
fixed length control field 180408b bul|||||r ||||||| ||bul||
010 ## - Наследен системен номер
LC control number KNG00093503000
020 ## - Международен стандартен номер на книга ISBN
Международен стандартен номер на книга ISBN 978-954-389-028-6
-- издат.: Ера
040 ## - Източник на каталожния запис
Идентификатор на билиотеката - собственик на записа BLK
041 ## - Код за език
Код за езика на текст/звукозапис или на отделно заглавие Български
Код за езика КДБФ Български
080 ## - УДК
Текстов определител УДК Икономическа психология. Икономическо поведение. Физиологични и психологични елементи. Интереси. Икономически дух
УДК код - определител по УДК 330.16
УДК определител
УДК - код + определител 330.16
080 ## - УДК
Текстов определител УДК Етика на бизнеса. Успех
УДК код - определител по УДК 174.4
УДК определител
УДК - код + определител 174.4
080 ## - УДК
Текстов определител УДК Социално поведение. Социална психология
УДК код - определител по УДК 316.6
УДК определител
УДК - код + определител 316.6
100 1# - Редна дума - Автор
Автор Клаус, Пеги
Авторска отговорност първи автор
R(LIN) 303337
139 ## - Редно поле
Редна дума Клаус, Пеги
Авторски знак Кла - К 63
245 10 - Сведения за заглавието
Заглавие Трябва да те бива, за да ти върви
Подзаглавни данни Тайните, които всеки от нас иска да знае
Редно поле (дума) Пеги Клаус; прев. от англ. Надежда Иванова Розова.
257 ## - Страна на издаване
Страна на създаване/издаване Съединени американски щати
260 ## - Област на издателските данни
-- София
Име на издателя, разпространителя и проч. Ера
Година на издаване 2008
Печатница София : Експреспринт
300 ## - Физическа характеристика
Страници 214 с.
Размери/Мащаб 20 см
380 ## - Жанр
Жанр Обществени науки
500 ## - Общи забележки
Забележка Ориг. загл. The Hard Truth about Soft Skills / Peggy Klaus.
650 #4 - Допълнително описание по предмет – тема
Основно описание – тема или топоним Икономическо поведение
9 (RLIN) 245306
650 #4 - Допълнително описание по предмет – тема
Основно описание – тема или топоним Социална психология
9 (RLIN) 243161
653 ## - Ключова дума – ненормативна
Ключова дума икономическо поведение
653 ## - Ключова дума – ненормативна
Ключова дума социална психология
852 ## - Местоположение
Форматна сигнатура Цб 246494
856 4# - Електронен адрес и достъп
Електронен формат pdf - файл
Път до файла /url/
856 4# - Електронен адрес и достъп
Електронен формат pdf - файл
Път до файла /url/
942 ## - АРТИКУЛИ
Вид на библиотечния материал Книги
Скрит в OPAC Не
Koha issues (borrowed), all copies 2
944 ## - СЪЗДАВАНЕ И РЕДАКЦИЯ на ЗАПИСА
Създаване/Редакция Създаване
Дата на регистрацията/редакция 18.01.2010
Статус, дата на статуса ф /
Служител, извършил регистрацията/редакцията Людмила_Стоянова
944 ## - СЪЗДАВАНЕ И РЕДАКЦИЯ на ЗАПИСА
Създаване/Редакция Редакция
Дата на регистрацията/редакция 19.12.2012
Статус, дата на статуса ф /
Служител, извършил регистрацията/редакцията
999 ## - СИСТЕМНИ КОНТРОЛНИ НОМЕРА
Koha biblionumber 88810
Koha biblioitemnumber 88810
Наличности
Код за отписване Код за изгубен артикул Код за повреда Коз за рестрикции Код за отдаване Артикулен № Име на библиотеката - собственик Име на библиотеката, в която се намира в момента Статус (Текущо местоположение) Дата на вписване в системата Местоположение - отдел Цена в лева Инвентарен номер Систематично азбучна сигнатура Баркод Номер на екземпляра Цена в евро Служебна бележка Служебен тип на артикула
  Не е изгубен Не е повреден без рестрикции ползва се в читалня 143912 Регионална библиотека "Любен Каравелов" Русе Регионална библиотека "Любен Каравелов" Русе Хранилище 2010-01-18 Хранилище 9.99 120000740823 Цб 246494 120000740823 1 5.11 Дост: Dp Вид: Д N: 26 Дата: 17.06.2009 Книги
  Не е изгубен Не е повреден без рестрикции заемане за дома 143913 Регионална библиотека "Любен Каравелов" Русе Регионална библиотека "Любен Каравелов" Русе Заемна - подръчен фонд 2012-11-24 Заемна - подръчен фонд 5.00 120000761260 П 330.16/К 63 120000761260 2 2.56 Дост: Pk Вид: Ф N: 0012000308 Дата: 23.11.2012 Дата инв: 06.02.2018 Бележки инв: П2018 Книги
Vip Innovations Ltd, Rousse, Bulgaria 2025